000 00327nam a2200145Ia 4500
003 OSt
005 20231223065354.0
008 170524s9999 xx 000 0 und d
020 _a9788184881974
040 _cIIMT UNIVERSITY
100 _aRathor BS
245 0 _aADVERTISING MANAGEMENT
260 _aHimalaya
942 _2ddc
_c02
999 _c3116
_d3116